NBA Most Assists in a Game - Statistics

General Stats
  • This quiz has been taken 25 times
    17 since last reset
  • The average score is 6 of 12
Answer Stats
Assists Player % Correct
25 Jason Kidd
100%
27 John Stockton
100%
25 Rajon Rondo
86%
25 Kevin Johnson
71%
30 Scott Skiles
71%
28 Bob Cousy
50%
29 Kevin Porter
36%
25 Isiah Thomas
21%
28 Guy Rodgers
14%
25 Ernie DiGregorio
0%
27 Geoff Huston
0%
25 Nate McMillan
0%
No matching quizzes found
Score Distribution
Percent of People with Each Score
Percentile by Number Answered
Your Score History
You have not taken this quiz since the last reset